01005ngm a2200241 a 450000500170000000800410001708200140005811000110007224500800008325000190016330000540018249000330023650502210026965000360049065000400052665000390056671000130060526400220061833600270064033700330066733800280070004000350072820220317001343.0161108s9999 sp g 000 0 spa 04a551bD32m2 aDidaco13aLa meteorología ; El planeta tierracDidaco, Tessloffhvideodisco digital a1a. edición  a1 DVD (26 minutos)bsonido, color, digitalc19 cm aDescubrir cómo y por qué aLa Meteorología : ¿Por qué la meteorología es importante para nosotros?, ¿Qué es el aire?, ¿Qué es el ciclo del agua?, ¿Qué son las zonas de altas presiones?, ¿Qué son las zonas de bajas presiones?142LEMBaMetereologiavVideodiscos142LEMBaTierra (Planeta)vVideodiscos142LEMBaClimatología vVideodiscos aTessloff aBarcelonabDidaco atextobtxt2rdacontent asin mediaciónbn2rdamedia avolumenbnc2rdacarrier aCO-BoRNBPbspaerdacCO-BoRNBP